One Piece - Trafalgar Law - Statistiques

Statistiques générales
  • Ce quiz a été pris 95 fois
    34 depuis la dernière actualisation
  • Le résultat moyen est 13 sur 22
Statistiques - réponses
Question Réponse % Correct
Nom Complet Trafalgar D. Water Law
100%
Race Humain
96%
Âge 26 Ans
92%
Couleur de cheuveux Noir
81%
Pire ennemi Don Quichotte Doflamingo
77%
Fruit du démon Fruit du bistouri
73%
Taille 1m91
69%
Fluide Royal Non
69%
Fruit du démon éveillé Oui
69%
Fluide Perceptif Oui
69%
Fluide Offensif Oui
69%
Tatouage oui
69%
Prime 3.000.000.000 Berrys
65%
Arme(s) Sabre
62%
Epithète "Le Chirurgien de la Mort"
58%
Origine North Blue
58%
Occupation Docteur et Capitaine
46%
île de Naissance Flevance
38%
Affiliation L'équipage du Heart
35%
Première apparition Archipel Sabaody
19%
Meilleur ami Don Quichotte Rossinante
15%
Chapeau Chapeau Nordique
8%
Aucun quiz correspondant
Distribution des résultats
% des personnes avec chaque résultat
Percentile par nombre de réponses
Votre historique - résultats
Vous n’avez pas pris ce quiz depuis la dernière actualisation